00570nam a22001937a 450000500170000001000260001702000260004303500140006903500140008303700170009703700090011408200090012310000270013224500770015925000060023626000340024227000800027630000200035620251029120628.0 aENG-144385 ENG-147026 a9788119626144c595.00 aEN-127917 aEN-130558 bNiyogi Books bDBAD aN21 aChattopadhyay, Devasis aHarry Hobbs of Kolkata and other forgotten lives/cDevasis Chattopadhyay a1 aNew DelhibNiyogi Booksc2024 aBlock D, Building No. 77, Okhla Industrial Area, Phase-IbNew Delhie110020 a315p.c22cm(pb)